000 00302nam a2200133 i 4500
001 bg
100 1 _aKOZŁOWSKI, S.
245 0 _aSurowce skalne Polski /
_cS. Kozłowski.
260 _aWarszawa,
_c1986.
040 _cBPK
041 _apol
942 _cKS
008 s pl f |000 0 pol
999 _c23188
_d23188
856 _uhttp://koha.tu.koszalin.pl/cgi-bin/koha/opac-detail.pl?biblionumber=23188
_yKatalog online BPK